| 000 | 00000nam##2200000za#4500 |
| 001 | 9.667177 |
| 003 | CaOODSP |
| 005 | 20210615123335 |
| 007 | ta |
| 008 | 150407|2005||||xxc||||| f|0| 0 eng|d |
| 020 | |a0-662-69550-X |
| 040 | |aCaOODSP|beng |
| 041 | |aeng |
| 041 | |afre |
| 043 | |an-cn--- |
| 086 | 1 |aSW21-133/2005 |
| 110 | 1 |aCanada.|bStatus of Women Canada. |bPolicy Research. |
| 245 | 10|aHuman security and aboriginal women in Canada / |cby Connie Deiter and Darlene Rude. |
| 260 | |aOttawa - Ontario : |bStatus of Women Canada. |c2005. |
| 300 | |aEnglish text, v, 83, [1]p. : |c28 cm. |
| 504 | |aBibliography. |
| 520 | 3 |aThis report contributes to the discussion of women and security by making the connections between Aboriginal women, protest, and human security. It begins with a literature review of gender and protest, Aboriginal women and protest, human security, the constitutional rights of Aboriginal people, Aboriginal protest, and Bill C-36 (the anti-terrorism legislation). The findings, discussed in terms of motivation to action, gender roles and impacts, outcomes, and human security, lead to 10 recommendations. |
| 563 | |aSoftcover |
| 590 | |a06-19|b2006-05-12 |
| 690 | 07|aIndigenous peoples|2gcpds |
| 690 | 07|aWomen|2gcpds |
| 690 | 07|aHuman security|2gcpds |
| 720 | 1 |aRude, Darlene |
| 720 | 1 |aDeiter, Connie |
| 776 | 0#|tLa sécurité humaine et les femmes autochtones au Canada / |w(CaOODSP)9.632449 |
| 776 | 0#|tHuman security and aboriginal women in Canada / |w(CaOODSP)9.688008 |
| 792 | |tLa sécurité humaine et les femmes autochtones au Canada / |efre|w(CaOODSP)9.667178 |